000 00619nam a2200241Ia 4500
003 OSt
005 20220924143300.0
006 a|||||r|||| 00| 0
007 ta
008 220923b |||||||| |||| 00| 0 urd d
024 _a307544
037 _cTextual
040 _aARTS
_cARTS
_burd
041 _2urd
_aurd
082 _aG:11, 168G9.3
100 _aHelly Brown
_9215264
245 0 _aFa-aliyat wa hayat chamia
260 _c1939
650 _aBIOLOGY
_97
700 _a Khan Md. Usman
_9215265
942 _hG:11, 168G9.3
_cTEXL
_2CC
999 _c453881
_d453881